000 00331pam a2200133 a 4500
020 _c
041 _h
082 _a751.73
_bKLI
100 _aWrite Kline .
245 _aMural Magic Painting Scenes on Furniture and Walls
_hTextual Documents
260 _a[s.l]:
_bSearch press,
_c2009.
300 _a144:
_bpaper.
930 _a7978
999 _c241768
_d241768